History Quiz

Random History or City Quiz

US History Grab Bag V Quiz Stats

 Plays Quiz Updated Feb 23, 2018

Score 0/41 Timer 06:00
3 Plays Today
% Correct
New York, NY
98.2%
New York
97.7%
California
91.7%
Texas
87.7%
Franklin Delano Roosevelt
87.3%
Boston, MA
84.4%
Chicago, IL
83.8%
Philadelphia, PA
83.2%
Ronald (Reagan)
83.2%
Theodore Roosevelt
79.3%
Ronald Reagan
78.7%
Harry S. Truman
76.4%
Gerald Ford
70.2%
Illinois
68.7%
Richard (Nixon)
67.7%
James Madison
65.9%
Jackie Robinson
63.3%
Indiana
63%
Spiro Agnew
62.4%
Pennsylvania
60.4%
Alexander Hamilton
59.1%
% Correct
Alabama
58.9%
Mississippi
57.9%
Brown v. Board of Education
57.5%
Martha (Washington/Jefferson)
57.3%
Louisiana
53.9%
Baltimore, MD
53%
Aaron Burr
47%
Rutherford (Hayes)
42.5%
St. Louis, MO
34.3%
Plessy v. Ferguson
32.7%
Elizabeth (Monroe/Truman/Ford)
32.2%
John Jay
32.2%
Abigail (Fillmore/Adams)
29.7%
Sarah (Jackson/Van Buren)
17.4%
Larry Doby
15.8%
George Clinton
14%
Anna (Harrison/Roosevelt)
12.8%
Edith (Wilson/Roosevelt)
8.8%
Julia (Tyler/Grant)
7.1%
Ellen (Wilson/Arthur)
5.8%

You're not logged in!

Compare scores with friends on all Sporcle quizzes.
OR
Log In

Sporcle TV

Today on Sporcle TV


Watch our educational content, quiz creation guides, and fun videos on Sporcle TV.

Show Comments

Extras

Top Quizzes Today


Score Distribution

Your Account Isn't Verified!

In order to create a playlist on Sporcle, you need to verify the email address you used during registration. Go to your Sporcle Settings to finish the process.

Report this User

Report this user for behavior that violates our Community Guidelines.

Details: